| 000 | 00456nam a2200181Ia 4500 | ||
|---|---|---|---|
| 005 | 20240712024808.0 | ||
| 008 | 240331s9999 xx 000 0 und d | ||
| 020 | _a0415196590 | ||
| 082 |
_a150.19 _bDIC |
||
| 100 | _aDicenso, J.J | ||
| 245 | 4 |
_aThe other freud : _breligion ,culture and psychoanalysis |
|
| 260 |
_aLondon _bRoutledge _c1999 |
||
| 300 | _avi, 174 p ., | ||
| 650 | _aReligion | ||
| 650 | _aPsychology | ||
| 650 | _aPhilosophy | ||
| 942 | _cL | ||
| 999 |
_c734 _d734 |
||